000
00456nam a2200181Ia 4500
008
090124s9999 xx 000 0 und d
082
_b
101754
100
_a
काणेकर अनंत
245
_a
घरकुल
250
_a
1
260
_c
1941
300
_a
124
600
_a
काणेकर अनंत
630
_a
घरकुल
700
_a
काणेकर अनंत
730
_a
घरकुल
942
_c
BOOK
999
_c
147846
_d
147846